| 000 | 01035nam a2200313Ia 4500 | ||
|---|---|---|---|
| 003 | OSt | ||
| 005 | 20221007124710.0 | ||
| 006 | a|||||r|||| 00| 0 | ||
| 007 | ta | ||
| 008 | 221006b |||||||| |||| 00| 0 eng d | ||
| 020 | _a0198553889 (pbk) | ||
| 024 | _a192932 | ||
| 037 | _cTextual | ||
| 040 |
_aCDL _cCDL _beng |
||
| 041 |
_2eng _aeng |
||
| 082 | _aE:26, N3 Carc | ||
| 100 |
_aBrett Christopher M.A _9720133 |
||
| 245 | 0 |
_aElectrochemistry: principles, methods, and applications _b Brett Ana maria oliveira |
|
| 260 |
_aNew _byork OUP _c1993 |
||
| 300 |
_axxviii, 427p. ill. _ccm. |
||
| 500 | _aAppendices A1-A4 395-418p.; Index 419-427p.; Reprint 2005. | ||
| 650 |
_a Corrosion _9720134 |
||
| 650 |
_a Electrochemical experiments _9720135 |
||
| 650 |
_a Mass transport _9720136 |
||
| 650 |
_aInterfacial region _9720137 |
||
| 700 |
_a Brett Ana maria oliveira _9720138 |
||
| 942 |
_hE:26, N3 Carc _cTEXL _2CC |
||
| 999 |
_c1213939 _d1213939 |
||